| 000 | 00573nam a22002057a 4500 | ||
|---|---|---|---|
| 003 | OSt | ||
| 005 | 20250905143653.0 | ||
| 008 | 250905b |||||||| |||| 00| 0 eng d | ||
| 040 | _cDCL | ||
| 041 | _aPali-English | ||
| 082 | _a294.34 | ||
| 100 | 1 | _aThanissaro, Bhikkhu | |
| 245 | 1 |
_aStream Entry : _bA Study Guide / _cThanissaro Bhikkhu. |
|
| 250 | _areprint edition | ||
| 260 |
_aDehil : _bMotilal Banarsidass Publisher, _c2007. |
||
| 300 |
_a84 pages ; _c21 cm. |
||
| 650 |
_aBuddhism _xDoctrines |
||
| 650 |
_aBuddhism _xPractice |
||
| 942 |
_2ddc _cLONG TERM _n0 |
||
| 999 |
_c2178 _d2178 |
||